000 00305nam a22001337a 4500
008 170303b xxu||||| |||| 00| 0 eng d
020 _a0721656277
041 _aeng
080 _a616.073
100 _a6
101 _aSHM
245 _aEXERCISES IN DIAGNOSTIC RADIOLOGY
_cLANGSTON, CH.S
942 _2udc
_cBK
999 _c6667
_d6667